ბათუმის შოთა რუსთაველის სახელმწიფო უნივერსიტეტის ბიბლიოთეკა

იურიდიული ეთიკა = Legal Etics : (ბიბ.ჩანაწერი № 58356)

000 -ლიდერი
ფიქსირებული სიგრძის საკონტროლო ველი 01649nam a22002777a 4500
003 - საკონტროლო ნომრის იდენტიფიკატორი
საკონტროლო ველი Ge_BSU
005 - ბოლო ოპერაციის თარიღი და დრო
საკონტროლო ველი 20211124141140.0
008 - ფიქსირებული სიგრძის მონაცემთა ელემენტები - ზოგადი ინფორმაცია
ფიქსირებული სიგრძის საკონტროლო ველი 211124s2021 ge ||||| |||| 00| 0 geo d
020 ## - წიგნის საერთაშორისო სტანდარტული ნომერი
International Standard Book Number 9789941969294
041 ## - ენის კოდი
Language code of text/sound track or separate title geo
080 ## - უნივერსალური ათობითი კლასიფიკაციის ინდექსი
Universal Decimal Classification number 174:347.965 ი-95
245 ## - ცნობა სათაურის შესახებ
Title იურიდიული ეთიკა = Legal Etics :
Remainder of title (ადვოკატების, მოსამართლეების, პროკურორების ეთიკა) /
Statement of responsibility, etc ავტორები : ე. გასიტაშვილი, თ. ზამბახიძე, ი. კორძაია, ა. ლორია და სხვ.; რედ. ს. ჩაჩავა, თ. ცერცვაძე და სხვ.; მთარგმნელი ქეთევან ჩეკურიშვილი.
264 ## - წარმოების, გამოცემის, დისტრიბუციის და სხვა ცნობები
გამოცემის, წარმოების, დისტრიბუციის... ადგილი თბილისი,
გამოცემის, წარმოების, დისტრიბუციის... თარიღი 2021.
300 ## - ფიზიკური აღწერა
Extent 893 გვ.;
Other physical details 20 სმ.
504 ## - BIBLIOGRAPHY, ETC. NOTE
Bibliography, etc ბიბლიოგრ. გვ.871-893
653 ## - INDEX TERM--UNCONTROLLED
Uncontrolled term სამართალი
653 ## - INDEX TERM--UNCONTROLLED
Uncontrolled term ეთიკა
700 ## - ADDED ENTRY--PERSONAL NAME
Personal name გასიტაშვილი, ე.
Relator term ავტორი
9 (RLIN) 13011
700 ## - ADDED ENTRY--PERSONAL NAME
Personal name ზამბახიძე, თ.
Relator term ავტორი
9 (RLIN) 13012
700 ## - ADDED ENTRY--PERSONAL NAME
Personal name კორძაია, ი.
Relator term ავტორი
9 (RLIN) 13013
700 ## - ADDED ENTRY--PERSONAL NAME
Personal name ლორია, ა. და სხვ.
Relator term ავტორი
9 (RLIN) 13014
700 ## - ADDED ENTRY--PERSONAL NAME
Personal name ჩაჩავა, ს.
Relator term რედაქტორი
9 (RLIN) 13015
700 ## - ADDED ENTRY--PERSONAL NAME
Personal name ცერცვაძე, თ. და სხვ.
Relator term რედაქტორი
9 (RLIN) 13016
700 ## - ADDED ENTRY--PERSONAL NAME
Personal name ჩეკურიშვილი, ქეთევან
Relator term მთარგმნელი
9 (RLIN) 13017
942 ## - ADDED ENTRY ELEMENTS (KOHA)
Source of classification or shelving scheme
Koha item type წიგნი
ეგზემპლარები
ჩამოწერის სტატუსი დაკარგული ეგზემპლარის სტატუსი კლასიფიკაციის წყარო ან თაროზე გაწყობის სქემა დაზიანების სტატუსი არ გაიცემა მუდმივი მდებარეობა (დაცვის ადგილი) ამჟამინდელი ადგილსამყოფელი თაროზე განთავსების ადგილი შეძენის თარიღი ღირებულება, შესყიდვის ნორმალური ფასი სრული შენახვის შიფრი შტრიხკოდი ბოლო ოპერაციის თარიღი ეგზემპლარის მიმდევრობითი ნომერი (კეტერი?) ფასის ძალაში შესვლის თარიღი ეგზემპლარის სახეობა საჯარო შენიშვნა
          ბათუმის შოთა რუსთაველის სახელმწიფო უნივერსიტეტის მთავარი ბიბლიოთეკა ბათუმის შოთა რუსთაველის სახელმწიფო უნივერსიტეტის მთავარი ბიბლიოთეკა წიგნსაცავი 2021-11-24 12.00 174:347.965 ი-95 61974 2021-11-24 61974 2021-11-24 წიგნი 12 ლ.